[Event "GER CupT 1920 prel7"]
[Site "Bensheim"]
[Date "2020.01.12"]
[Round "2.2"]
[White "Donchenko, Alexander"]
[Black "Keller, Yannik"]
[Result "1-0"]
[WhiteElo "2618"]
[BlackElo "2020"]
[PlyCount "59"]
[EventDate "2020.01.11"]
[EventType "team-k.o."]
[EventRounds "2"]
[EventCountry "GER"]
[SourceTitle "EXT 2021"]
[Source "ChessBase"]
[SourceDate "2020.10.23"]
[SourceVersion "1"]
[SourceVersionDate "2020.10.23"]
[SourceQuality "1"]
[WhiteTeam "Deisisau"]
[BlackTeam "Bensheim"]
[WhiteTeamCountry "GER"]
[BlackTeamCountry "GER"]

1. Nf3 g6 2. c4 Bg7 3. Nc3 e5 4. d4 exd4 5. Nxd4 Ne7 6. g3 Nbc6 7. Nxc6 Nxc6 8. Bg2 0-0 9. 0-0 d6 10. Qd2 Bd7 11. b3 Qc8 12. Re1 Bh3 13. Bh1 f5 14. e3 Ne5 15. f3 g5 16. Bb2 c6 17. Rad1 Qe8 18. f4 Ng4 19. fxg5 Qh5 20. Ne2 Bg2 21. h4 Bxh1 22. Bxg7 Ne5 23. Nf4 Qg4 24. Kxh1 Kxg7 25. Qe2 Rfe8 26. Rxd6 Kh8 27. Kg2 Qxe2+ 28. Rxe2 Ng4 29. Ne6 Re7 30. e4 1-0

[Event "Hessenliga 1819"]
[Site "Hessen"]
[Date "2019.05.12"]
[Round "9.7"]
[White "Keller, Yannik"]
[Black "Kretner, Georg Ulrich"]
[Result "1-0"]
[WhiteElo "1977"]
[BlackElo "1882"]
[PlyCount "33"]
[EventDate "2018.09.23"]
[EventType "team-tourn"]
[EventRounds "9"]
[EventCountry "GER"]
[SourceTitle "EXT 2020"]
[Source "ChessBase"]
[SourceDate "2019.10.17"]
[SourceVersion "1"]
[SourceVersionDate "2019.10.17"]
[SourceQuality "1"]
[WhiteTeam "Bensheim"]
[BlackTeam "Bad Nauheim"]
[WhiteTeamCountry "GER"]
[BlackTeamCountry "GER"]

1. e4 g6 2. d4 Bg7 3. Nc3 d6 4. f4 Nf6 5. Nf3 0-0 6. e5 Nfd7 7. Bc4 c5 8. e6 Nb6 9. exf7+ Kh8 10. Bd3 cxd4 11. Ne4 Nc6 12. Neg5 e5 13. Nxh7 Rxf7 14. Bxg6 Bg4 15. Nfg5 Qf6 16. Nxf6 Bxd1 17. Nxf7# 1-0

[Event "GER-chT U20"]
[Site "Osnabrueck"]
[Date "2018.12.29"]
[Round "6.2"]
[White "Burian, Simon"]
[Black "Keller, Yannik"]
[Result "0-1"]
[WhiteElo "2129"]
[BlackElo "1977"]
[PlyCount "90"]
[EventDate "2018.12.27"]
[EventType "team-swiss"]
[EventRounds "7"]
[EventCountry "GER"]
[SourceTitle "CBM 188 Extra"]
[Source "ChessBase"]
[SourceDate "2019.02.26"]
[SourceVersion "1"]
[SourceVersionDate "2019.02.26"]
[SourceQuality "1"]
[WhiteTeam "Plauen Koenig"]
[BlackTeam "Bensheim"]
[WhiteTeamCountry "GER"]
[BlackTeamCountry "GER"]

1. e4 e5 2. Nf3 Nc6 3. Bc4 Nf6 4. d3 Bc5 5. c3 0-0 6. 0-0 d5 7. exd5 Nxd5 8. Re1 Bg4 9. h3 Bh5 10. Nbd2 Bb6 11. Ne4 f6 12. b4 Kh8 13. Ba3 f5 14. Neg5 Nxc3 15. Qd2 Bxf3 16. Nxf3 e4 17. Nh2 exd3 18. Qxc3 Qh4 19. Qd2 Qxc4 20. b5 Ba5 21. Qg5 Bxe1 22. Bxf8 Bxf2+ 23. Kh1 Rxf8 24. bxc6 Qxc6 25. Nf3 Qf6 26. Rd1 Qxg5 27. Nxg5 d2 28. Ne6 Re8 29. Rxd2 Bg3 30. Rd7 g6 31. Rd8 Rxd8 32. Nxd8 b6 33. Nc6 a5 34. Kg1 Kg7 35. Kf1 Kf6 36. Ke2 Ke6 37. Kf3 Bd6 38. Nd8+ Kd5 39. Nf7 b5 40. Ke3 Kc4 41. Ng5 Kc3 42. Nxh7 a4 43. Nf6 a3 44. Nd5+ Kb2 45. Kd2 b4 0-1

[Event "Hessenliga 1819"]
[Site "Hessen"]
[Date "2018.11.18"]
[Round "3.7"]
[White "Keller, Yannik"]
[Black "Haucke, Alexander"]
[Result "0-1"]
[WhiteElo "1977"]
[BlackElo "2223"]
[PlyCount "68"]
[EventDate "2018.09.23"]
[EventType "team-tourn"]
[EventRounds "9"]
[EventCountry "GER"]
[SourceTitle "EXT 2020"]
[Source "ChessBase"]
[SourceDate "2019.10.17"]
[SourceVersion "1"]
[SourceVersionDate "2019.10.17"]
[SourceQuality "1"]
[WhiteTeam "Bensheim"]
[BlackTeam "Bad Homburg"]
[WhiteTeamCountry "GER"]
[BlackTeamCountry "GER"]

1. e4 c5 2. c3 Nf6 3. e5 Nd5 4. Nf3 e6 5. d4 cxd4 6. cxd4 b6 7. Nc3 Nxc3 8. bxc3 Qc7 9. Bd2 Bb7 10. Bd3 d6 11. 0-0 Nd7 12. Qe2 dxe5 13. Nxe5 Nxe5 14. dxe5 Bc5 15. Rfe1 0-0 16. Qh5 g6 17. Qh3 Rfd8 18. Bg5 Be7 19. Bxe7 Qxe7 20. Be4 Rd2 21. Qf3 Bxe4 22. Qxe4 Rad8 23. h4 h5 24. Re3 R8d7 25. Rf3 Qa3 26. Kh2 Qb2 27. Rf1 Qxa2 28. g4 hxg4 29. Qxg4 Qd5 30. Qf4 Re2 31. Re3 Qd2 32. Kg1 Rd3 33. h5 Rexe3 34. hxg6 Rf3 0-1

[Event "Rheinland Pfalz op 9th"]
[Site "Lambsheim"]
[Date "2017.06.17"]
[Round "5"]
[White "Keller, Yannik"]
[Black "Strehl, Klaus Gerhard"]
[Result "1-0"]
[WhiteElo "1829"]
[BlackElo "1577"]
[PlyCount "61"]
[EventDate "2017.06.15"]
[EventType "swiss"]
[EventRounds "7"]
[EventCountry "GER"]
[SourceTitle "CBM 178 Extra"]
[Source "ChessBase"]
[SourceDate "2017.06.22"]
[SourceVersion "1"]
[SourceVersionDate "2017.06.22"]
[SourceQuality "1"]

1. e4 g6 2. d4 Bg7 3. c4 d6 4. Nc3 Nc6 5. Be3 e5 6. d5 Nce7 7. Bd3 f5 8. f3 Nf6 9. Qd2 f4 10. Bf2 g5 11. Nge2 g4 12. c5 a6 13. 0-0-0 Bd7 14. Kb1 h5 15. Nc1 Bh6 16. Qc2 Kf7 17. Na4 Qe8 18. Nc3 Bg5 19. Nb3 h4 20. cxd6 cxd6 21. Na5 Rb8 22. Ba7 Ra8 23. Bb6 Nc8 24. Qb3 Nxb6 25. Qxb6 Qd8 26. Qxd8 Raxd8 27. Nxb7 Rb8 28. Nxd6+ Ke7 29. Nc4 Rhc8 30. Ka1 Bb5 31. Nxe5 1-0

[Event "Hessen-ch U16"]
[Site "Bad Homburg"]
[Date "2015.04.01"]
[Round "4"]
[White "Keller, Yannik"]
[Black "Wachsmann, Dietmar"]
[Result "0-1"]
[WhiteElo "1608"]
[BlackElo "1776"]
[PlyCount "72"]
[EventDate "2015.03.30"]
[EventType "swiss"]
[EventRounds "7"]
[EventCountry "GER"]
[SourceTitle "EXT 2017"]
[Source "ChessBase"]
[SourceDate "2016.10.25"]
[SourceVersion "1"]
[SourceVersionDate "2016.10.25"]
[SourceQuality "1"]

1. e4 d6 2. d4 Nf6 3. Nc3 e5 4. dxe5 dxe5 5. Qxd8+ Kxd8 6. Bc4 Be6 7. Bxe6 fxe6 8. Nf3 Bd6 9. Bg5 Nc6 10. Rd1 Ke7 11. a3 h6 12. Bh4 g5 13. Bg3 Nh5 14. Ne2 Rag8 15. c4 a5 16. Nc3 Nf4 17. 0-0 h5 18. h4 g4 19. Ng5 Rxg5 20. hxg5 h4 21. Bxf4 exf4 22. Ne2 g3 23. fxg3 Bc5+ 24. Nd4 hxg3 25. Rf3 Nxd4 26. Rfd3 Nc2+ 27. Kf1 Ne3+ 28. Ke2 Nxd1 29. Rxd1 Rg8 30. Kf3 e5 31. Kg4 Bd4 32. b4 axb4 33. axb4 Rh8 34. Rd2 Ra8 35. Kf5 Kf7 36. Rd1 f3 0-1

[Event "Hessen-ch U16"]
[Site "Bad Homburg"]
[Date "2015.03.30"]
[Round "3"]
[White "Krastev, Alexander"]
[Black "Keller, Yannik"]
[Result "0-1"]
[WhiteElo "1814"]
[BlackElo "1608"]
[PlyCount "78"]
[EventDate "2015.03.30"]
[EventType "swiss"]
[EventRounds "7"]
[EventCountry "GER"]
[SourceTitle "EXT 2017"]
[Source "ChessBase"]
[SourceDate "2016.10.25"]
[SourceVersion "1"]
[SourceVersionDate "2016.10.25"]
[SourceQuality "1"]

1. e4 d6 2. d4 Nf6 3. Nc3 g6 4. f4 Bg7 5. Nf3 0-0 6. Bd3 c5 7. dxc5 dxc5 8. Be3 Nbd7 9. h3 b6 10. e5 Ne8 11. Be4 Rb8 12. Bc6 e6 13. Nb5 a6 14. Na7 Qc7 15. Nxc8 Rxc8 16. Be4 f6 17. exf6 Nexf6 18. Bd3 c4 19. Be2 e5 20. fxe5 Nxe5 21. Nd4 Rfe8 22. 0-0 Ne4 23. Bf4 c3 24. b3 Rcd8 25. Bc4+ Kh8 26. Qd3 Rxd4 27. Qxd4 Nf3+ 28. Kh1 Qxf4 29. Rxf3 Ng3+ 30. Rxg3 Qxd4 31. Rd3 Qf2 32. Rad1 Re1+ 33. Rxe1 Qxe1+ 34. Kh2 Be5+ 35. g3 Qf2+ 36. Kh1 Bxg3 37. Rd8+ Kg7 38. Rd7+ Kh6 39. Rf7 Qh2# 0-1

[Event "Hessen-ch U16"]
[Site "Bad Homburg"]
[Date "2014.04.18"]
[Round "7"]
[White "Bach, Christopher"]
[Black "Keller, Yannik"]
[Result "1-0"]
[WhiteElo "1589"]
[BlackElo "1517"]
[PlyCount "39"]
[EventDate "2014.04.??"]
[EventType "swiss"]
[EventRounds "7"]
[EventCountry "GER"]
[SourceTitle "EXT 2022"]
[Source "ChessBase"]
[SourceDate "2021.10.06"]
[SourceVersion "1"]
[SourceVersionDate "2021.10.06"]
[SourceQuality "1"]

1. e4 e5 2. Nf3 Nc6 3. Bb5 a6 4. Ba4 Bc5 5. d3 d6 6. 0-0 Bg4 7. c3 b5 8. Bc2 Nf6 9. Nbd2 0-0 10. h3 Bh5 11. Re1 Qd7 12. Nf1 Rfe8 13. Ng3 Bxf3 14. Qxf3 d5 15. Bg5 dxe4 16. dxe4 Be7 17. Rad1 Qc8 18. Nf5 Nd7 19. Nxe7+ Nxe7 20. Bb3 1-0

[Event "Hessen-ch U16"]
[Site "Bad Homburg"]
[Date "2014.04.18"]
[Round "6"]
[White "Keller, Yannik"]
[Black "Werle, Joshua"]
[Result "0-1"]
[WhiteElo "1517"]
[BlackElo "1175"]
[PlyCount "38"]
[EventDate "2014.04.??"]
[EventType "swiss"]
[EventRounds "7"]
[EventCountry "GER"]
[SourceTitle "EXT 2022"]
[Source "ChessBase"]
[SourceDate "2021.10.06"]
[SourceVersion "1"]
[SourceVersionDate "2021.10.06"]
[SourceQuality "1"]

1. d4 d5 2. Bf4 Nc6 3. Nf3 Bg4 4. e3 e6 5. c3 Bd6 6. Bxd6 Qxd6 7. h3 Bh5 8. Bd3 e5 9. g4 Bg6 10. Bb5 f6 11. dxe5 fxe5 12. c4 Be4 13. Nbd2 Bxf3 14. Qxf3 e4 15. Qf5 Nge7 16. Qg5 0-0-0 17. cxd5 Ne5 18. Be2 Qxd5 19. Rd1 Nd3+ 0-1